| 000 | 01640nam a2200433 i 4500 | ||
|---|---|---|---|
| 001 | bg | ||
| 003 | BPK | ||
| 005 | 20201015124531.0 | ||
| 008 | 020722s2006 pl a f |000 0 pol | ||
| 015 | _aPB 2007/4831 | ||
| 040 |
_aWA N _cBPK |
||
| 041 | 0 |
_apol _beng _bger |
|
| 080 | _a624.2/.8 | ||
| 080 | _a627.8 | ||
| 080 | _a624.042 | ||
| 080 | _a531.3 | ||
| 080 | _a550.34 | ||
| 080 | _a622.83/.84 | ||
| 100 | 1 |
_aDulińska, Joanna _d(1959- ) _eAutor |
|
| 245 | 1 | 0 |
_aOdpowiedź dynamiczna budowli wielopodporowych na nierównomierne wymuszenie parasejsmiczne pochodzenia górniczego / _cJoanna Dulińska. |
| 246 | 1 | 8 | _aOdpowiedź dynamiczna budowli wielopodporowych na nierównomierne wymuszenie... |
| 260 |
_aKraków : _bWydawnictwo PK, _c2006. |
||
| 300 |
_a178 s. : _bil. ; _c24 cm. |
||
| 490 | 1 | _aMonografia / Politechnika Krakowska im. Tadeusza Kościuszki. Inżynieria Lądowa. | |
| 500 | _aISSN i nr serii gł.: 0860-097X ; 338. | ||
| 504 | _aBibliogr. s. 159-171. | ||
| 546 | _aStreszcz. ang., niem. | ||
| 650 | 4 | _aMosty | |
| 650 | 4 | _aTąpania | |
| 650 | 4 | _aZapory wodne | |
| 650 | 4 | _aDynamika budowli | |
| 650 | 4 | _aSejsmologia | |
| 658 | _aArchitektura i budownictwo | ||
| 710 | 2 |
_aWydawnictwo Politechniki Krakowskiej _4pbl |
|
| 830 | 0 |
_aMonografia - Politechnika Krakowska im. Tadeusza Kościuszki. _pInżynieria Lądowa |
|
| 830 | 0 |
_aMonografia - Politechnika Krakowska im. Tadeusza Kościuszki, _v338. |
|
| 856 |
_uhttp://koha.tu.koszalin.pl/cgi-bin/koha/opac-detail.pl?biblionumber=53282 _yKatalog online BPK |
||
| 942 |
_2UKD _cKS |
||
| 999 |
_c53282 _d53282 |
||